| 000 | 01004nam a2200253 i 4500 | ||
|---|---|---|---|
| 003 | DO-SdBNP | ||
| 005 | 20240118083825.0 | ||
| 006 | a||||fr|||| 00| 0 | ||
| 007 | ta | ||
| 008 | 240118e1903 dr ||||| m||| 00| 0 spa d | ||
| 040 |
_aDO-SdBNP _bspa _cBNPHU _erda |
||
| 082 | 4 |
_222 _bR457d |
|
| 100 | 1 |
_aReyes, Francisco Honorio _958616 _eautor |
|
| 245 | 1 | 3 |
_aLos derechos de la mujer y condición jurídica de la casada, desde el punto de vista del derecho internacional privado: _btesis para la licenciatura / _cFrancisco Honorio Reyes |
| 264 | 1 |
_aSanto Domigo : _b"La Cuna de América" J. R. Roque, _c1903 |
|
| 300 |
_a52 [3], páginas ; _c23 cm. |
||
| 336 |
_2rdacontent _atexto _btxt |
||
| 337 |
_2rdamedia _asin mediación _bn |
||
| 338 |
_2rdacarrier _avolumen _bnc |
||
| 500 | _aJurado Examinador: Lcdo. Federico Henríquez y Carvajal, Presidente. Vocales: Lcd. Apolinar Tejera, Manuel de J. Galván. | ||
| 504 | _aBibliografía: página 53 | ||
| 590 | _aInventariado 2024 / MF | ||
| 942 |
_2ddc _cLBS1 |
||
| 999 |
_c55725 _d55725 |
||